Phương pháp đọc diễn cảm
Gorde:
| Egile nagusia: | |
|---|---|
| Formatua: | Liburua |
| Argitaratua: |
Hà Nội
ĐH Sư phạm
|
| Gaiak: | |
| Etiketak: |
Etiketa erantsi
Etiketarik gabe, Izan zaitez lehena erregistro honi etiketa jartzen!
|
| Thư viện lưu trữ: | Trung tâm Học liệu Lê Vũ Hùng, Trường Đại học Đồng Tháp |
|---|
| LEADER | 00662pam a22002058a 4500 | ||
|---|---|---|---|
| 001 | 00038863 | ||
| 005 | 20171109101140.0 | ||
| 008 | 170517s ||||||Viesd | ||
| 041 | 0 | # | |a Vie |
| 082 | 1 | 4 | |a 418 |b PH561PH |
| 100 | 1 | # | |a Hà, Nguyễn Kim Giang |
| 245 | 1 | 0 | |a Phương pháp đọc diễn cảm |c Hà Nguyễn Kim Giang |
| 260 | # | # | |a Hà Nội |b ĐH Sư phạm |
| 300 | # | # | |a 160 tr. |c 29 cm |
| 653 | # | # | |a Phương pháp |
| 653 | # | # | |a đọc diễn cảm |
| 852 | # | # | |b Kho đọc |j KD.1001251 |
| 852 | # | # | |j KM.0022520 |j KD.0021682 |
| 910 | |d 17/05/2017 | ||
| 980 | # | # | |a Trung tâm Học liệu Lê Vũ Hùng, Trường Đại học Đồng Tháp |